| Tag |
First Indicator |
Second Indicator |
Subfields |
| LEADER |
00000pam a2200000 i 4500 |
| 001 |
in00000663183 |
| 005 |
20151015075852.0 |
| 008 |
790717s1980 nyu b 00110 eng |
| 010 |
|
|
|a 79017895
|
| 020 |
|
|
|a 0195026535
|
| 035 |
|
|
|a (OCoLC)05239747
|
| 035 |
|
|
|9 ACX5547AM
|
| 040 |
|
|
|a DLC
|c DLC
|d TXA
|d UtOrBLW
|
| 049 |
|
|
|a TXAM
|c [982378]
|
| 050 |
0 |
0 |
|a HV5137
|b .C69
|
| 060 |
|
0 |
|a WM274.3 C825a
|
| 082 |
0 |
|
|a 362.2/92/0926
|
| 100 |
1 |
|
|a Corrigan, Eileen M.
|
| 245 |
1 |
0 |
|a Alcoholic women in treatment /
|c Eileen M. Corrigan.
|
| 264 |
|
1 |
|a New York :
|b Oxford University Press,
|c 1980.
|
| 300 |
|
|
|a xvi, 191 pages ;
|c 24 cm.
|
| 336 |
|
|
|a text
|b txt
|2 rdacontent
|
| 337 |
|
|
|a unmediated
|b n
|2 rdamedia
|
| 338 |
|
|
|a volume
|b nc
|2 rdacarrier
|
| 500 |
|
|
|a Includes index.
|
| 504 |
|
|
|a Bibliography: pages 181-186.
|
| 650 |
|
0 |
|a Women
|x Alcohol use
|v Case studies.
|
| 650 |
|
0 |
|a Temperance
|x Case studies.
|
| 650 |
|
2 |
|a Alcoholism
|x therapy.
|
| 650 |
|
2 |
|a Women.
|
| 999 |
|
|
|a MARS
|
| 999 |
f |
f |
|s 0d98d01d-376b-3c70-8628-98483ad16fdc
|i 5a9b150f-11c5-3171-a3d4-04c7eb45a047
|t 0
|
| 952 |
f |
f |
|p ric
|a Texas A&M University
|b Rellis Campus
|c Joint Library Facility
|d Remote Storage
|t 0
|e HV5137 .C69
|h Library of Congress classification
|i unmediated -- volume
|m A14803026719
|
| 998 |
f |
f |
|a HV5137 .C69
|t 0
|l Remote Storage
|